Fundamentos de marketing de servicios conceptos, estrategias y casos (Registro nro. 44775)

Detalles MARC
000 -ENCABEZADO
Número de control [NR] 00972nam a2200265Ia 4500
008 - DE LONGITUD FIJA DE DATOS DE ELEMENTOS - INFORMACIÓN GENERAL
Elementos de longitud fija [NR] 130821s2002 mx a gr spa
020 ## - NUMERO INTERNACIONAL NORMALIZADO PARA LIBROS [R]
Número Internacional Normalizado del libro [NR] 9706862021
040 ## - FUENTE DE CATALOGACION [NR]
Agencia de catalogación original [NR] Co-BoUCM
Idioma de catalogación [NR] spa
041 00 - CODIGO DE IDIOMA [R]
Código de idioma para texto/pista de sonido o título separado [R] Español
100 1# - ASIENTO PRINCIPAL--NOMBRE PERSONAL [NR]
Nombre personal [NR] Hoffman, K. Douglas
ID Autoridad 33375
245 10 - MENCION DE TITULO [NR]
Título [NR] Fundamentos de marketing de servicios conceptos, estrategias y casos
Mención de responsabilidad, etc. [NR] K. Douglas Hoffman, Jhon E.G. Bateson; traducción de Pilar Mascaró
250 ## - MENCION DE EDICION [NR]
Mención de edición [NR] 2a. ed.
260 ## - PUBLICACION, DISTRIBUCION, ETC. (PIE DE IMPRENTA) [R]
Lugar de publicación, distribución, etc. [R] México D.F. (México)
Nombre del editor, distribuidor, etc. [R] Thomson
Fecha de publicación, distribución, etc. [R] 2002
300 ## - DESCRIPCION FISICA [R]
Extensión [R] xxi, 568 páginas
Otros detalles físicos [NR] ilustraciones, tablas
650 04 - ASIENTO SECUNDARIO DE MATERIA - TERMINO TEMATICO [R]
Término temático o nombre geográfico como elemento de entrada [NR] Administración de empresas
9 (RLIN) 435
650 04 - ASIENTO SECUNDARIO DE MATERIA - TERMINO TEMATICO [R]
Término temático o nombre geográfico como elemento de entrada [NR] Administración de ventas
9 (RLIN) 8582
650 04 - ASIENTO SECUNDARIO DE MATERIA - TERMINO TEMATICO [R]
Término temático o nombre geográfico como elemento de entrada [NR] Análisis de mercadeo
9 (RLIN) 8962
650 04 - ASIENTO SECUNDARIO DE MATERIA - TERMINO TEMATICO [R]
Término temático o nombre geográfico como elemento de entrada [NR] Mercadeo
9 (RLIN) 19305
650 04 - ASIENTO SECUNDARIO DE MATERIA - TERMINO TEMATICO [R]
Término temático o nombre geográfico como elemento de entrada [NR] Servicio al cliente
9 (RLIN) 24256
700 1# - ASIENTO SECUNDARIO - NOMBRE PERSONAL [R]
Nombre personal [NR] Bateson, Jhon E.G.
9 (RLIN) 154446
700 1# - ASIENTO SECUNDARIO - NOMBRE PERSONAL [R]
Nombre personal [NR] Mascaro, Pilar
Término de relación [R]
9 (RLIN) 154447
765 10 - ASIENTO DE IDIOMA ORIGINAL [R]
Título [NR] Essentials of services marketing.
942 ## - ELEMENTOS DE ENTRADA AGREGADOS (KOHA)
Tipo de ítem principal el descrito en 300a Libro
Tema principal Administración
Edición 2
Parte restante de la signatura top. H699f
Sistema de clasificación DEWEY
Clasificación 658.8
Existencias
Fecha de último préstamo Total préstamos Total Renewals Signatura topográfica Código de barras Última vez visto Volúmen / Fascículo Ejemplar Price effective from Tipo de ítem Perdido Sistema de clasificación Dañado No prestable Tipo de ítem específico Suprimido Ubicación habitual Ubicación actual Localización Fecha de creación Forma de adquisición Costo
26/03/2019 5   658.8 H699f 100070520 04/12/2025 2a. Ed. Ej.1 03/02/2013 Libro de reserva   DEWEY     Libro de reserva   Claustro Claustro 4to piso 28/02/2004 Compra 48000.00
29/03/2019 7 6 658.8 H699f 100094930 29/01/2026 2a. Ed. Ej.3 03/02/2013 Libro   DEWEY     Libro   Sede del emprendimiento y la innovación Sede del Emprendimiento, Innovación y Creación 1er piso 08/02/2008 Compra 78000.00